00431nam a2200157Ia 45000010006000000050017000060080041000230410008000640820016000721000024000882450108001122600009002203000028002296500008002576540008002651360820260306164813.0260306t2017||||xx |||||||||||||| ||spa|| aESP a005.1bF317 aFarcic, ViktoreAUT 4aThe devops 2.0 toolkit:bautomating the continuous deployment pipeline with containerized microservices c2017 a406 páginas :c28 cm. aGEN aCCC